[Event "Skovbo GM 2012"]
[Site "Borup Kulturhus"]
[Date "2012.09.21"]
[Round "6.25"]
[White "Jensen, Henrik"]
[Black "Wang, Peter"]
[Result "0-1"]
[WhiteElo "1612"]
[BlackElo "1971"]
[PlyCount "84"]
[EventDate "2012.??.??"]
[WhiteTeam "Skovbo Skakklub"]
[BlackTeam "Næstved Skakklub"]

1. e4 e6 2. d4 d5 3. Nc3 Nf6 4. e5 Nfd7 5. Nf3 a6 6. Bd3 c5 7. Be3 Nc6 8. Be2
Qc7 9. O-O cxd4 10. Nxd4 Nxd4 11. Qxd4 Qxe5 12. Qg4 h5 13. Qh3 d4 14. f4 Qxe3+
15. Qxe3 dxe3 16. Rae1 Bc5 17. Kh1 Nf6 18. Bf3 Bd7 19. Bxb7 Ra7 20. Bf3 Ng4 21.
Ne4 Bb6 22. Nd6+ Ke7 23. Nc4 Rb8 24. h3 Nf6 25. b3 Bb5 26. Nxb6 Bxf1 27. Na4
Bb5 28. Nc5 Rc7 29. b4 a5 30. c3 axb4 31. cxb4 Ra7 32. Rxe3 Rxa2 33. f5 Bc4 34.
fxe6 Bxe6 35. Nd3 Ra3 36. Ne5 Rxe3 37. Nc6+ Kd6 38. Nxb8 Rb3 39. Na6 Bd5 40.
Be2 Rb2 41. Bf1 Rb1 42. Kg1 Bc4 0-1

[Event "Skovbo GM 2012"]
[Site "Borup Kulturhus"]
[Date "2012.09.21"]
[Round "6.26"]
[White "Christensen, Kristen Bjørn"]
[Black "Kokholm, Daniel"]
[Result "0-1"]
[WhiteElo "1223"]
[BlackElo "1914"]
[PlyCount "56"]
[EventDate "2012.??.??"]
[WhiteTeam "Ejby Skakklub"]
[BlackTeam "Skakklubben K41"]

1. d4 d6 2. c3 Nf6 3. e3 Nbd7 4. Nd2 e5 5. Bd3 g6 6. Ngf3 Bg7 7. O-O O-O 8. h3
Ne8 9. Nc4 Qe7 10. Qc2 f5 11. dxe5 dxe5 12. e4 f4 13. b3 a5 14. Re1 b5 15. Ncd2
Nd6 16. Ba3 c5 17. Bb2 Nb6 18. b4 c4 19. Be2 a4 20. a3 Bb7 21. Nh2 Rad8 22. Bf3
Nd7 23. Ng4 h5 24. Nh2 Nf6 25. g4 fxg3 26. fxg3 Qd7 27. Kg2 Nf7 28. Rh1 Qxd2+
0-1

[Event "Skovbo GM 2012"]
[Site "Borup Kulturhus"]
[Date "2012.09.21"]
[Round "6.28"]
[White "Jensen, Steen Dahlgård"]
[Black "Kakulidis, Ellen"]
[Result "1-0"]
[WhiteElo "1846"]
[BlackElo "1366"]
[PlyCount "77"]
[EventDate "2012.??.??"]
[WhiteTeam "Maribo Skakklub"]
[BlackTeam "Aalborg Skakforening af 1889"]

1. c4 e5 2. Nc3 Nf6 3. Nf3 Nc6 4. d4 exd4 5. Nxd4 Bb4 6. e3 Bxc3+ 7. bxc3 O-O
8. Bd3 Ne5 9. Be2 b6 10. Ba3 c5 11. Nf3 Ng6 12. O-O Bb7 13. Bb2 Qc7 14. h3 Rad8
15. a4 Bc6 16. Ra2 Ra8 17. Qc2 Rfd8 18. Rfa1 Be4 19. Qc1 Qb7 20. a5 d6 21. Qf1
Ne5 22. Nd2 Bc6 23. Bc1 h6 {(=)} 24. f3 Re8 25. e4 Qc7 26. Qf2 Qe7 27. Nf1 Ng6
28. Ng3 Qd7 29. Nf5 Ne7 30. Ne3 b5 31. a6 Rab8 32. Nd5 bxc4 33. Nxf6+ gxf6 34.
Bxh6 Bb5 35. Rd2 Qc6 36. Qg3+ Ng6 37. Rxd6 Qc7 38. Bf4 Kf8 39. Rxf6 1-0

[Event "Skovbo GM 2012"]
[Site "Borup Kulturhus"]
[Date "2012.09.21"]
[Round "6.31"]
[White "Rasmussen, Henning"]
[Black "Larsen, Paul M"]
[Result "1/2-1/2"]
[WhiteElo "1783"]
[BlackElo "1611"]
[PlyCount "60"]
[EventDate "2012.??.??"]
[WhiteTeam "Nykøbing Sjælland Skakklub"]
[BlackTeam "Haslev Skakklub"]

1. e4 c6 2. d4 d5 3. exd5 cxd5 4. c4 Nf6 5. Nc3 g6 6. Nf3 Nc6 7. h3 Bg7 8. a3
O-O 9. c5 Ne8 10. Bb5 Nc7 11. Bxc6 bxc6 12. O-O Ba6 13. Re1 Nb5 14. Nxb5 Bxb5
15. b4 a5 16. Bd2 axb4 17. axb4 e6 18. Rxa8 Qxa8 19. Qa1 Qb7 20. Qb2 Ra8 21.
Ra1 Ra4 22. Bc3 Qa6 23. Rxa4 Qxa4 24. Qa1 f6 25. Qxa4 Bxa4 26. Kf1 Bb5+ 27. Ke1
Kf7 28. g3 Ke7 29. g4 h6 {(=)} 30. h4 Ba6 1/2-1/2

[Event "Skovbo GM 2012"]
[Site "Borup Kulturhus"]
[Date "2012.09.21"]
[Round "6.34"]
[White "Brøndum, Jan Kraul"]
[Black "Larsson, Jørgen"]
[Result "1-0"]
[WhiteElo "1625"]
[BlackElo "1159"]
[PlyCount "143"]
[EventDate "2012.??.??"]
[WhiteTeam "Arbejdernes Skakforening Af 04"]
[BlackTeam "Skovbo Skakklub"]

1. g3 e5 2. Bg2 Nf6 3. d3 d5 4. e4 dxe4 5. dxe4 Qxd1+ 6. Kxd1 Bc5 7. f3 O-O 8.
c3 b6 9. Bg5 Rd8+ 10. Kc2 Rd6 11. Nd2 h6 12. Nc4 Re6 13. Bd2 Ba6 14. Ne3 Nc6
15. Rd1 Rd8 16. Nh3 Be2 17. Rde1 Bd3+ 18. Kc1 Bxe3 19. Bxe3 Bc4 20. b3 Ba6 21.
Nf2 Na5 22. Rd1 Red6 23. Rhe1 Rxd1+ 24. Nxd1 g5 25. Nf2 c5 26. h4 gxh4 27. gxh4
Kh7 28. Rd1 Rxd1+ 29. Kxd1 Ne8 30. Bh3 Nd6 31. Ng4 h5 32. Nxe5 Kg7 33. Bf4 c4
34. b4 Nab7 35. Nc6 Bb5 36. Nxa7 Ba4+ 37. Ke2 Nb5 38. Nxb5 Bxb5 39. Be3 Nd8 40.
Bxb6 Ne6 41. Ke3 Kf6 42. Bf5 Ke5 43. f4+ Kd6 44. Kf3 Kc6 45. Be3 Kd6 46. Ba7
Kc7 47. Bf2 Kd6 48. e5+ Ke7 49. Bc2 Bc6+ 50. Be4 Bb5 51. Bc2 Bc6+ 52. Ke3 Nc7
53. a4 Nd5+ 54. Kd4 Nxf4 55. Kc5 Bf3 56. Kxc4 Ng6 57. Bg3 Ke6 58. Kd4 Ne7 59.
b5 Nf5+ 60. Bxf5+ Kxf5 61. c4 Kg4 62. Bf2 Kf5 63. c5 Ke6 64. c6 Ke7 65. Kc5 Kd8
66. b6 Bd1 67. a5 Bb3 68. Bg3 Be6 69. a6 Kc8 70. Kd6 Kb8 71. c7+ Ka8 72. b7+
1-0

[Event "Skovbo GM 2012"]
[Site "Borup Kulturhus"]
[Date "2012.09.21"]
[Round "6.35"]
[White "Fredericia, Ellen"]
[Black "Hansen, Henrik Damgaard"]
[Result "0-1"]
[WhiteElo "1196"]
[BlackElo "1823"]
[PlyCount "44"]
[EventDate "2012.??.??"]
[WhiteTeam "Skakklubben K41"]
[BlackTeam "Hillerød Skakklub"]

1. d4 Nf6 2. c4 c5 3. dxc5 e6 4. Nc3 Bxc5 5. Nf3 Nc6 6. Bg5 Be7 7. e3 a6 8. Qc2
h6 9. Bh4 b6 10. a3 Bb7 11. Be2 O-O 12. O-O Rc8 13. Rfd1 Na5 14. b3 b5 15. Qb2
bxc4 16. bxc4 Bxf3 17. Bxf3 Nxc4 18. Qb1 Nxe3 19. fxe3 Rxc3 20. Re1 d5 21. Qb2
Rc4 22. Rad1 Rxh4 0-1